Highest vegeterian countries - Statistics

General Stats
  • This quiz has been taken 10 times
  • The average score is 6 of 15
Answers on the Map
Answers color-coded by a green-red scale on the quiz's map according to % correct below.
 
Answer Stats
Answer % Correct
India
100%
Canada
78%
Belgium
56%
Finland
56%
Germany
56%
Austria
44%
Poland
44%
Brazil
33%
Italy
33%
Mexico
33%
Argentina
22%
Thailand
22%
Vietnam
22%
Taiwan
11%
Jamaica
0%
No matching quizzes found
Score Distribution
Percent of People with Each Score
Percentile by Number Answered
Your Score History
You have not taken this quiz